[Event "Ulan-Ude Bajkal op 9th"]
[Site "Ulan-Ude"]
[Date "2013.07.04"]
[Round "4"]
[White "Baterdene, Tsogbayar"]
[Black "Bilegjargal, Bayasgalan"]
[Result "1/2-1/2"]
[WhiteElo "1805"]
[BlackElo "1879"]
[PlyCount "58"]
[EventDate "2013.07.01"]
[EventType "swiss"]
[EventRounds "9"]
[EventCountry "RUS"]
[SourceTitle "EXT 2014"]
[Source "ChessBase"]
[SourceDate "2013.11.20"]
[SourceVersion "1"]
[SourceVersionDate "2013.11.20"]
[SourceQuality "1"]

1. e4 e5 2. Nf3 Nc6 3. Bb5 a6 4. Ba4 Nf6 5. 0-0 Be7 6. Re1 b5 7. Bb3 0-0 8. h3 d6 9. c3 Bb7 10. d4 Nb8 11. Nbd2 Nbd7 12. Bc2 c5 13. d5 Re8 14. a4 c4 15. b4 cxb3 16. Nxb3 Rc8 17. axb5 axb5 18. Qd3 Qc7 19. Bd2 b4 20. c4 Nb6 21. Na5 Nfd7 22. Bxb4 Nxc4 23. Nxb7 Qxb7 24. Reb1 Ncb6 25. Qb3 Qc7 26. Bd3 Na8 27. Bb5 Rf8 28. Ba5 Qb7 29. Qd1 Nc5 1/2-1/2

[Event "World University-ch (Women) 12th"]
[Site "Guimaraes"]
[Date "2012.08.23"]
[Round "7"]
[White "Carreras Mendiolea, Paulina Adriana"]
[Black "Bilegjargal, Bayasgalan"]
[Result "0-1"]
[WhiteElo "1962"]
[BlackElo "1841"]
[PlyCount "148"]
[EventDate "2012.08.20"]
[EventType "swiss"]
[EventRounds "9"]
[EventCountry "POR"]
[SourceTitle "CBM 150 Extra"]
[Source "ChessBase"]
[SourceDate "2012.10.19"]
[SourceVersion "1"]
[SourceVersionDate "2012.10.19"]
[SourceQuality "1"]

1. e4 e5 2. Bc4 Nc6 3. d3 Nf6 4. Nf3 Bc5 5. 0-0 0-0 6. Re1 a6 7. c3 d6 8. Bb3 Ba7 9. Nbd2 Ne7 10. Nf1 Ng6 11. Ng3 h6 12. h3 Re8 13. Be3 Be6 14. Bc2 c6 15. Qd2 Kh7 16. d4 Qd7 17. Nf5 Nxe4 18. Bxe4 Bxf5 19. Bc2 Bxc2 20. Qxc2 e4 21. Nd2 d5 22. f3 f5 23. f4 Rac8 24. b4 Qe7 25. g3 Nf8 26. Nb3 Ne6 27. a4 Bb8 28. Nc5 Nd8 29. a5 Bd6 30. Rab1 Rg8 31. Kh2 Bxc5 32. bxc5 Ne6 33. Qf2 Rgf8 34. Rg1 Rb8 35. Kg2 Nc7 36. Ra1 Nb5 37. Qc2 Qf7 38. Kh2 Qh5 39. Rac1 Na3 40. Qd1 Qxd1 41. Rgxd1 Nc4 42. Re1 Nxa5 43. Rb1 Nc4 44. Kg2 Kg6 45. Kf2 Kf6 46. Ra1 Ra8 47. Reb1 Rfb8 48. Ra4 a5 49. Bc1 b5 50. cxb6 Nxb6 51. Ra2 Nc4 52. Rxb8 Rxb8 53. Ke2 Rb3 54. Bd2 Rb2 55. Rxb2 Nxb2 56. Bc1 Nc4 57. Kd1 a4 58. Kc2 a3 59. Kb3 e3 60. Bxe3 Nxe3 61. Kxa3 h5 62. Kb4 Ke6 63. Kc5 Kd7 64. Kb4 Nf1 65. c4 dxc4 66. Kxc4 Kd6 67. Kd3 Nxg3 68. Ke3 Kd5 69. h4 Ne4 70. Kd3 Nd6 71. Ke3 Nb5 72. Kd3 Nxd4 73. Kc3 Ne6 74. Kd2 Ke4 0-1

[Event "World University-ch (Women) 12th"]
[Site "Guimaraes"]
[Date "2012.08.21"]
[Round "3"]
[White "Enkhtuul, Altanulzii"]
[Black "Bilegjargal, Bayasgalan"]
[Result "1-0"]
[WhiteElo "2117"]
[BlackElo "1841"]
[PlyCount "97"]
[EventDate "2012.08.20"]
[EventType "swiss"]
[EventRounds "9"]
[EventCountry "POR"]
[SourceTitle "CBM 150 Extra"]
[Source "ChessBase"]
[SourceDate "2012.10.19"]
[SourceVersion "1"]
[SourceVersionDate "2012.10.19"]
[SourceQuality "1"]

1. Nf3 Nf6 2. d4 d5 3. c4 e6 4. g3 Be7 5. Bg2 0-0 6. 0-0 Nbd7 7. Qc2 c6 8. Nbd2 Qc7 9. e4 dxe4 10. Nxe4 e5 11. dxe5 Nxe5 12. Bf4 Nxf3+ 13. Bxf3 Qa5 14. a3 h6 15. c5 Nxe4 16. b4 Qd8 17. Bxe4 Be6 18. Rad1 Qc8 19. Rfe1 a5 20. Qc1 Rd8 21. Rxd8+ Bxd8 22. Be5 Bc7 23. Bb2 axb4 24. axb4 Bf5 25. Qc3 f6 26. Bxf5 Qxf5 27. Re7 Be5 28. Qc4+ Kh8 29. Bxe5 fxe5 30. Kg2 Rb8 31. Qe2 Qb1 32. Qxe5 Rg8 33. Rxb7 Qb3 34. h4 Qc4 35. Rc7 Qxb4 36. Rxc6 Qb7 37. Qe4 Qf7 38. Re6 Rf8 39. Qe3 Rc8 40. c6 Kg8 41. Qe4 Rf8 42. f3 Qa7 43. Re8 Qa2+ 44. Kh3 Qf7 45. Rxf8+ Kxf8 46. Qb4+ Kg8 47. Qc3 Qc7 48. Qc4+ Kh8 49. Qd5 1-0

[Event "MGL-ch (Women) 44th"]
[Site "Arvaikheer"]
[Date "2012.04.07"]
[Round "8"]
[White "Khulan, Enkhsaikhan"]
[Black "Bilegjargal, Bayasgalan"]
[Result "1-0"]
[WhiteElo "1772"]
[BlackElo "1886"]
[PlyCount "205"]
[EventDate "2012.04.01"]
[EventType "tourn"]
[EventRounds "13"]
[EventCountry "MGL"]
[SourceTitle "EXT 2013"]
[Source "ChessBase"]
[SourceDate "2012.11.22"]
[SourceVersion "1"]
[SourceVersionDate "2012.11.22"]
[SourceQuality "1"]

1. c4 Nf6 2. g3 e6 3. Bg2 d5 4. Nf3 c6 5. cxd5 exd5 6. 0-0 Be7 7. d4 0-0 8. Nc3 Bf5 9. Nh4 Be6 10. Qc2 Ne8 11. Nf3 Nd6 12. Bf4 Bf5 13. Qb3 Qb6 14. Qxb6 axb6 15. a3 Nd7 16. h3 Nc4 17. Bc1 Rfe8 18. Nd2 Nxd2 19. Bxd2 Bf6 20. e3 b5 21. Rfe1 Nb6 22. Ne2 h6 23. g4 Bd3 24. Nf4 Bh7 25. Bf1 Na4 26. b3 Nb6 27. Nd3 Nd7 28. f4 Be4 29. Bb4 Bh4 30. Nf2 Bc2 31. Rac1 Bxb3 32. Bd3 Bc4 33. Bb1 Nf6 34. Kg2 Ne4 35. Bxe4 dxe4 36. Rc3 b6 37. Rd1 Bxf2 38. Kxf2 Rec8 39. Bd6 Ra7 40. f5 Rd7 41. Bf4 Ra8 42. h4 Rda7 43. Bd6 Rd7 44. Bf4 Rda7 45. Bd6 Rd7 46. Bf4 Rda7 47. Ra1 Bd5 48. Bd6 Rd7 49. Bb4 f6 50. Kg3 Kf7 51. Kf4 Rda7 52. Rh1 Rh8 53. Rg1 Rc7 54. Bd6 Rd7 55. Bb4 Ra7 56. Rcc1 Raa8 57. Rh1 Rac8 58. Bd6 Ra8 59. Bb4 Rad8 60. g5 hxg5+ 61. hxg5 fxg5+ 62. Kxg5 Ra8 63. Bd6 Rac8 64. Kf4 Ra8 65. Rcg1 Rag8 66. Be5 Rxh1 67. Rxh1 c5 68. dxc5 bxc5 69. Rd1 Rd8 70. Rg1 Rg8 71. Rg6 b4 72. axb4 cxb4 73. Rd6 Ba8 74. Rd7+ Ke8 75. Ra7 Bd5 76. Ra5 Bc6 77. Ra6 Bd5 78. Ra5 Bc6 79. Kg5 Ke7 80. Ra7+ Bd7 81. Kg6 b3 82. Rb7 Kd8 83. Kf7 Rh8 84. Rb8+ Bc8 85. Bxg7 Rh3 86. Bd4 Kc7 87. Rb5 Bxf5 88. Rxf5 Rf3 89. Ke6 b2 90. Rc5+ Kd8 91. Rb5 Rf1 92. Rxb2 Rh1 93. Rb7 Kc8 94. Rf7 Rg1 95. Kd5 Rg4 96. Re7 Kd8 97. Rxe4 Rg5+ 98. Kd6 Rg6+ 99. Re6 Rg8 100. Bb6+ Kc8 101. Kc6 Rf8 102. e4 Rg8 103. Rd6 1-0